01349cam a2200313 a 4500999001700000001000800017003000400025005001700029008004100046010001700087020002500104040001800129050002500147082001500172100002300187245006600210250001200276260014700288300004100435500013500476504006400611600005000675650003600725700003600761710003100797906004500828942003600873952012600909 c27022d270221108516OSt20170207104425.0931012s1994 nyua bc 001 0 eng  a 93041205  a1555951031 :c$45.00 aDLCcDLCdDLC00aND237.M2343bA4 199400a759.132201 aBrutvan, Cheryl A.14aThe paintings of Sylvia Plimack Mangold /cby Cheryl Brutvan. a1st ed. aNew York :bHudson Hills Press, in association with the Albright-Knox Art Gallery :bDistributed in the U.S. by National Book Network,cc1994. a142 p. :bill. (some col.) ;c27 cm. aCatalog of an exhibition held at the Albright-Knox Art Gallery, Buffalo, New York, Sept. 25-Dec. 31, 1994, and other institutions. aIncludes bibliographical references (p. 127-128) and index.10aMangold, Sylvia Plimack,d1938-vExhibitions. 0aLandscapes in artvExhibitions.1 aMangold, Sylvia Plimack,d1938-2 aAlbright-Knox Art Gallery. a7bcbccorignewd1eocipf19gy-gencatlg 2lcccBOOKShND 237 .M234A4 1994 00102lcc4070aMUCbMUCcTECHd2017-02-07eDonation (BFA)l0oND 237 .M234A4 1994p34616r2018-08-03w2017-02-07yBOOKS